| 000 | 00762nam a2200181 ar4500 | ||
|---|---|---|---|
| 001 | 2884 | ||
| 005 | 20221127090620.0 | ||
| 008 | 120711s ii 0001p urd d | ||
| 082 | 0 | 4 |
_a891.4391 _bت602ب |
| 100 | 1 | _aترين، حنيف شاه خان. | |
| 245 | 1 | 0 |
_aبعيدا عن الوطن = _bFar from homeland : (مجموعة شعرية اردية) / _cحنيف شاه خان ترين ؛ تعريب شمس كمال انجم المدني. |
| 250 | _aط. 1. | ||
| 260 |
_aنيودلهي : _bترين ببليكيشنز، _c2006. |
||
| 300 |
_a112 ص. ؛ _c22 سم. |
||
| 650 | 4 |
_aالشعر الاردي _yالعصر الحديث. |
|
| 650 | 4 |
_aالادب الاردي _yالعصر الحديث. |
|
| 700 | 0 |
_aالمدني، شمس كمال انجم، _eمترجم. |
|
| 999 |
_c2882 _d2882 |
||